000 04337nab a2200325 i 4500
003 BR-BrBNA
005 20240523102734.0
008 240523b2019 bl.qr|pooa||| 00| 0 por |
040 _aBR-BrBNA
_bpor
072 _aF60
100 _aQueiroz, M.R.A.
100 _aAlmeida, A.C.
100 _aAndrade, V.A.
100 _aLima, T.S.
100 _aMartins, E.R.
100 _aFigueiredo, L.S.
100 _aCareli, R.T.
245 _aAvaliação da atividade antibacteriana do óleo essencial de Lippia origanoides frente à Staphylococcus sp. isolados de alimentos de origem animal
500 _aPublicação on-line; 30 ref.; 3 illus.; Summaries (En, Pt)
520 _a RESUMO: Objetivou-se no trabalho avaliar a ação antibacteriana do óleo essencial de Lippia origanoides frente à isolados de Staphylococcus sp. de alimentos de origem animal. Para tanto, realizou-se análise química da composição do óleo, teste de sensibilidade das bactérias frente a dez antibióticos de uso terapêutico e ao óleo essencial de Lippia origanoides, além da determinação da concentração inibitória mínima (CIM) e da concentração bactericida mínima (CBM). A análise cromatográfica do óleo apresentou o timol como composto majoritário (48,70%), além de pequena quantidade de carvacrol (1,14%). No teste de sensibilidade frente aos antibióticos, 75% dos isolados apresentaram resistência a, no mínimo, três antibióticos. Em relação ao óleo essencial, os isolados de Staphylococcus sp oriundos de leite bovino mostraram-se mais resistentes e os isolados de carne ovina apresentaram-se mais sensíveis. A CIM foi maior para os Staphylococcus sp. isolados de leite bovino e leite ovino (60µL/mL). Enquanto que para os isolados de carcaça de ovinos e queijo, a CIM foi de 15µL/mL e 30µL/ mL respectivamente. A CBM, consequentemente, foi maior para os isolados de leite bovino e leite ovino, sendo de 240µL/mL e 120µL/mL respectivamente. O óleo essencial de Lippia origanoides apresenta atividade antimicrobiana sobre Staphylococcus sp. isolados de alimentos. Palavras chave: sensibilidade, antibióticos, alecrim pimenta
520 _a ABSTRACT: Assessment of the antibacterial activity of the essential oil of Lippia origanoides in relation to Staphylococcus sp. isolated from food of animal origin. The aim of this study was to evaluate the antibacterial activity of the essential oil of Lippia origanoides in relation to Staphylococcus sp. isolated from food of animal origin. For this purpose, we performed the chemical analysis to determine the oil composition, evaluated the bacteria sensibility to ten antibiotics of therapeutic use and determined the minimum inhibitory concentration (MIC) and minimum bactericidal concentration (MBC). The chromatographic analysis showed that tymol was the main compound (48.70%) and that carvacrol was present in a small amount (1.14%). In the test of antibiotic susceptibility, 75% of the microorganism isolates were resistant to at least three of the ten antibiotics tested. The Staphylococcus sp isolated from bovine milk was more resistant to the essential oil of Lippia origanoides, and the microorganism isolated from sheep meat was more susceptible to this oil. The Staphylococcus sp. isolated from bovine or sheep milk showed a MIC of 60µL/mL and for those isolated from sheep carcass and cheese the MIC was 15µL/mL and 30µL/mL, respectively. Consequently, the MBC was higher for isolates from cow’s (240µL/mL) and sheep’s milk (120µL/mL) when compared with other food sources. These results suggest that the essential oil of Lippia origanoides has antimicrobial activity against staphylococcus sp. isolated from food. Keywords: sensitivity, antibiotics, Lippia origanoides.
650 _aANTIBIÓTICO
650 _aALECRIM
650 _aÓLEO ESSENCIAL
650 _aPLANTA MEDICINAL
773 0 _03543
_9315366
_dBotucatu-SP Instituto de Biociências - Departamento de Química e Bioquímica 1998
_o2024-1617
_tRevista Brasileira de Plantas Medicinais (Brazil)
_x1516-0572
_gv. 16(3 suppl. 1) p. 737-743; (2014)
_wBR2024000799
856 _uhttps://www.scielo.br/j/rbpm/a/85dVwq9xd5TSN4WbxBLbXgs/?format=pdf&lang=pt
942 _cAnalítica
999 _c299730
_d299730